000 00382nam a2200157Ia 4500
008 210716s2007 xx 000 0 und d
020 _a8126511311
041 _aeng
082 _a005.26301 WANW
100 _aWang, Wallace.
245 _aOffice 2007 for dummies.
250 _a1
260 _aNew Delhi
_bWiley Publishing Inc.
_c2007
300 _axx,410
650 _aMS Office
999 _c188056
_d188056